Fractional calculus / (Record no. 29715)
[ view plain ]
| 000 -LEADER | |
|---|---|
| fixed length control field | 00672 a2200193 4500 |
| 020 ## - INTERNATIONAL STANDARD BOOK NUMBER | |
| International Standard Book Number | 0125255500 |
| 020 ## - INTERNATIONAL STANDARD BOOK NUMBER | |
| International Standard Book Number | 9780125255509 |
| 082 ## - DEWEY DECIMAL CLASSIFICATION NUMBER | |
| Classification number | 515.83 |
| 090 ## - LOCALLY ASSIGNED LC-TYPE CALL NUMBER (OCLC); LOCAL CALL NUMBER (RLIN) | |
| -- | 1098 |
| -- | 1098 |
| 100 1# - MAIN ENTRY--PERSONAL NAME | |
| Personal name | Oldham, Keith B. |
| 245 10 - TITLE STATEMENT | |
| Title | Fractional calculus / |
| Statement of responsibility, etc. | Keith B. Oldham, Jerome Spanier. |
| 260 ## - PUBLICATION, DISTRIBUTION, ETC. | |
| Place of publication, distribution, etc. | [S.l.] : |
| Name of publisher, distributor, etc. | Elsevier Science, |
| Date of publication, distribution, etc. | 1974. |
| 300 ## - PHYSICAL DESCRIPTION | |
| Extent | 322 p. |
| 490 1# - SERIES STATEMENT | |
| Series statement | Mathematics in science and engineering ; |
| Volume/sequential designation | Vol. 111. |
| 700 1# - ADDED ENTRY--PERSONAL NAME | |
| Personal name | Spanier, Jerome. |
| 830 #0 - SERIES ADDED ENTRY--UNIFORM TITLE | |
| Uniform title | Mathematics in science and engineering ; |
| 942 ## - ADDED ENTRY ELEMENTS (KOHA) | |
| Institution code [OBSOLETE] | SNS |
| Koha item type | Book |
| Call number prefix | 515.83 OLD |
| Withdrawn status | Lost status | Damaged status | Not for loan | Permanent Location | Current Location | Date acquired | Total Checkouts | Full call number | Barcode | Date last seen | Price effective from | Koha item type |
|---|---|---|---|---|---|---|---|---|---|---|---|---|
| School of Natural Sciences (SNS) | School of Natural Sciences (SNS) | 05/26/2016 | 515.83 OLD | SNS0001543 | 04/23/2021 | 05/26/2016 | Book |
